| 000 -LEADER |
| fixed length control field |
01068nam a22001817a 4500 |
| 005 - DATE AND TIME OF LATEST TRANSACTION |
| control field |
20241010084739.0 |
| 008 - FIXED-LENGTH DATA ELEMENTS--GENERAL INFORMATION |
| fixed length control field |
241010b ||||| |||| 00| 0 eng d |
| 040 ## - CATALOGING SOURCE |
| Transcribing agency |
SSBUL |
| 041 ## - LANGUAGE CODE |
| Language code of text/sound track or separate title |
Myanmar |
| 082 ## - DEWEY DECIMAL CLASSIFICATION NUMBER |
| Edition number |
23 |
| Classification number |
၂၉၄.၃၄၃၅၀၉ ကျိုက် |
| Item number |
၉၇၅၆ S-SAT |
| 245 0# - TITLE STATEMENT |
| Title |
ဆံတော်ရှင်ကျိုက်ထီးရိုးစေတီတော်မြတ်ကြီး၏ သမိုင်းမူဟောင်းနှင့် ကျိုက်ပေါလောဘုရားသမိုင်း။ |
| 250 ## - EDITION STATEMENT |
| Edition statement |
၁၇ ကြိမ်။ |
| 260 ## - PUBLICATION, DISTRIBUTION, ETC. |
| Place of publication, distribution, etc. |
ကျိုက်ထို ၊ |
| Name of publisher, distributor, etc. |
ကျိုက်ပေါလောဘုရား ဂေါပကလူကြီးဟောင်း၊ |
| Date of publication, distribution, etc. |
၁၉၈၇။ |
| 300 ## - PHYSICAL DESCRIPTION |
| Extent |
၁၂၉ စာမျက်နှာ ၊ |
| Other physical details |
ပုံများ ၊ |
| Dimensions |
၁၉ စင်တီ။ |
| 500 ## - GENERAL NOTE |
| General note |
S-SAT: Dr. Sai Aung Tun |
| 650 ## - SUBJECT ADDED ENTRY--TOPICAL TERM |
| Topical term or geographic name entry element |
ဆံတော်ရှင်ကျိုက်ထီးရိုးဘုရား |
| General subdivision |
သမိုင်း |
| 9 (RLIN) |
54991 |
| 942 ## - ADDED ENTRY ELEMENTS (KOHA) |
| Source of classification or shelving scheme |
|
| Koha item type |
Book (Short term) |